Central Library OPAC University of Rajshahi

خم کاکل / K̲h̲am-i kākul / (Record no. 85392)

MARC details
000 -LEADER
fixed length control field 00568nam a2200181 4500
001 - CONTROL NUMBER
control field 85392
003 - CONTROL NUMBER IDENTIFIER
rucl marc code BD-RjUL
005 - DATE AND TIME OF LATEST TRANSACTION
control field 20250731125503.0
008 - FIXED-LENGTH DATA ELEMENTS--GENERAL INFORMATION
fixed length control field 250731b |||||||| |||| 00| 0 eng d
035 ## - SYSTEM CONTROL NUMBER
System control number (BD-RjUL)85392
040 ## - CATALOGING SOURCE
Original cataloging agency BD-RjUL
Language of cataloging eng
Transcribing agency BD-RjUL
041 ## - LANGUAGE CODE
Language code of text/sound track or separate title eng
100 ## - MAIN ENTRY--PERSONAL NAME
Personal name سىف، سىف الدىن ;; Saif, Saifuddīn
9 (RLIN) 16375
245 ## - TITLE STATEMENT
Title خم کاکل / K̲h̲am-i kākul /
Statement of responsibility, etc. سىف الدىن سىف.,. (Author) / Saifuddīn Saif, Saifuddīn Saif (Author)
260 ## - PUBLICATION, DISTRIBUTION, ETC. (IMPRINT)
Place of publication, distribution, etc. Lahore :
Name of publisher, distributor, etc. Maktubah Karwan ,
Date of publication, distribution, etc. 195?
300 ## - PHYSICAL DESCRIPTION
Pagination 208 p. ;
942 ## - ADDED ENTRY ELEMENTS (KOHA)
Source of classification or shelving scheme Dewey Decimal Classification
Koha item type Books
Holdings
Lost status Source of classification or shelving scheme Damaged status Not for loan Collection code Permanent Location Current Location Shelving location Date acquired Total Checkouts Full call number Date last seen Copy number Koha item type
  Dewey Decimal Classification   Not For Loan Non-fiction Central Library, University of Rajshahi Central Library, University of Rajshahi Reading Room 31/07/2025   U 891.4391 SAH 195? 31/07/2025 C-1 Books